Loading...
| Fine Arts - Visual | 0 | 5 | 1 | 0 | 45 | 92 | 126.80 | 1 | 5 | 0.00 | 0.00 |
| Science - Other | 2 | 2 | 2 | 0 | 40 | 58 | 77.50 | 1 | 4 | 0.00 | 0.00 |
| Fine Arts - Auditory | 0 | 3 | 0 | 0 | 30 | 101 | 108.33 | 1 | 3 | 0.00 | 0.00 |
| Fine Arts - Other | 0 | 3 | 0 | 1 | 30 | 98 | 130.00 | 0 | 2 | 0.00 | 0.00 |
| Other Academic | 1 | 1 | 0 | 0 | 25 | 58 | 82.00 | 0 | 2 | 0.00 | 0.00 |
| Literature - British | 0 | 2 | 0 | 0 | 20 | 97 | 100.00 | 0 | 2 | 0.00 | 0.00 |
| History - World | 0 | 2 | 0 | 0 | 20 | 95 | 98.50 | 1 | 2 | 0.00 | 0.00 |
| Religion | 0 | 2 | 0 | 1 | 20 | 95 | 117.50 | 0 | 2 | 0.00 | 0.00 |
| History - Ancient/Other | 0 | 2 | 1 | 0 | 15 | 97 | 104.00 | 0 | 2 | 0.00 | 0.00 |
| Geography | 1 | 0 | 0 | 0 | 15 | 85 | 85.00 | 0 | 1 | 0.00 | 0.00 |
| Philosophy | 0 | 1 | 0 | 0 | 10 | 115 | 115.00 | 0 | 0 | 0.00 | 0.00 |
| Literature - American | 0 | 1 | 0 | 0 | 10 | 111 | 111.00 | 0 | 1 | 0.00 | 0.00 |
| Literature - World | 0 | 1 | 0 | 0 | 10 | 149 | 149.00 | 1 | 1 | 0.00 | 0.00 |
| Science - Biology | 0 | 1 | 0 | 0 | 10 | 81 | 81.00 | 0 | 1 | 0.00 | 0.00 |
| History - European | 1 | 0 | 2 | 0 | 5 | 72 | 72.00 | 1 | 1 | 0.00 | 0.00 |
| Social Science | 0 | 1 | 2 | 1 | 0 | 138 | 138.00 | 0 | 0 | 0.00 | 0.00 |
| Literature - European | 0 | 0 | 1 | 0 | -5 | 0.00 | 0 | 0 | 0.00 | 0.00 |